000 00784namaa2200277 a 4500
001 vtls001305438
003 NLI
005 20210627043901.0
008 120418s1982 dcu i000 0 eng
039 9 _y201204181938
_zVLOAD
040 0 _aNLI
_cVTLS-2012_FOD
_eAACR2
041 0 _aeng
044 _adcu
082 0 4 _a370
110 2 _aUnited States.
_bDepartment of Education
_9706808
245 1 0 _aResearch in education of the handicapped
260 _aWashington, D.C. :
_bUnited States Department of Education,
_c1982
300 _aVarious pagings ;
_c30 cm.
650 0 _aEducation
650 0 _aHandicapped
887 _a
901 _aAD 129628
_b23.10.2010
902 _aU.S 370 Un 3
949 _AVIRTUAITEM
_D10000
_X100
_6ADX000129628ENG
942 _2ddc
_cBKS
999 _c596117
_d596117